1546 1052 1572 1848 1923 1813 1366 1782 1566 1760 1514 1499 1847 1335 1815 1451 1320 1090 1869 1338 1833 1182 1499 1901 1053 1561 1892 1758 1101 1405 1781 1276 1359 1994 1305 1019 1483 1337 1165 1046 1899 1787 1666 1528 1637 1684 1789 1520 1328 1375 1846 1773 1597 1310 1348 1981 1963 1036 1311 1396 1498 1367 1041 1434 1399 1003 1204 1573 1886 1563 1238 1480 1311 1829 1081 1572 1305 1866 1825 1716 1109 1469 1494 1115 1926 1613 1223 1365 1610 1158 1419 1270 1669 1071 1436 1718 1506 1860 1230 BCNSPRNW ULIB Ver.6.0+V

เปลี่ยนเป็นภาษาไทย

Change to English
 แสดงรายละเอียดบรรณานุกรม
  กลับหน้าหลัก

Brief Record : Get Marc (ISO 2709) : E-mail record : QR code < ปิดหน้าต่าง
LEADER : 00000nam 2200000uu 4500
001    13399111773
003     ULIB
008    110708s2553||||th 000 0 tha d
020    9746435655
060 04 QZ140^bพ218 ล.3
245 00 พยาธิสรีรวิทยาและเภสัชวิทยาคลินิกสำหรับพยาบาล หน่วยที่ 11-15 =^bPathophysiology and clinical pharmacology for nurse /^cศรีนวล สถิตวิทยานันท์ ... [และคนอื่นๆ]
246 31 Pathophysiology and clinical pharmacology for nurse
250    พิมพ์ครั้งที่ 13
260    [นนทบุรี] :^bสาขาวิชาพยาบาลศาสตร์มหาวิทยาลัยสุโขทัยธรรมาธิราช,^c2553
300    3 ล. :^bภาพประกอบ ;^c30 ซม.
500    "เอกสารการสอนชุดวิชา 51103 หน่วยที่ 11-15"--หน้าปกใน
650  4 พยาธิวิทยา
650  4 พยาบาล
650  4 เภสัชวิทยาคลินิก
650  4 สรีรวิทยา
700 0  พิสมัย ประทุมทาน
710 2  มหาวิทยาลัยสุโขทัยธรรมาธิราช. ^bสาขาวิชาพยาบาลศาสตร์
945    ^p0^l0^i18292
945    ^p0^l0^i18293
945    ^p0^l0^i18291
995    กัณชพร
999 ^a ใช้งานได้ทุกระบบ
รายการนี้ยังไม่มีแท็ก
คุณยังไม่ได้ล็อกอิน คุณสามารถมีกิจกรรมร่วมกับเว็บไซต์ได้ แต่ต้องล็อกอินก่อน ::
  ล็อกอิน

รายการสื่อสารสนเทศ

ลำดับที่ ประเภท เลขเรียก/บาร์โค้ด สถานที่ สถานะ
- ไม่พบข้อมูล -

รายการใกล้เคียง
    หัวเรื่อง [พยาธิวิทยา]
    หัวเรื่อง [พยาบาล]
    หัวเรื่อง [เภสัชวิทยาคลินิก]
    หัวเรื่อง [สรีรวิทยา]

BibComment


ยังไม่เคยถูกคอมเมนท์

คอมเมนท์ทรัพยากรรายการนี้
  คอมเมนท์: พยาธิสรีรวิทยาและ..


 Copyright 2026. Bcnsprnw @Library